Proyecto desarrollo sostenible Ecoandino (Registro nro. 6990)

Detalles MARC
000 -CABECERA
Campo de control 01537nam a2200445 a 4500
005 - FECHA Y HORA DE LA ULTIMA TRANSACCION
Campo de control 20180803165421.0
008 - ELEMENTOS DE LONGITUD FIJA—INFORMACION GENERAL
Campo de control 160203t2003 ck a gr|||| 00| 0 spa d
020 ## - ISBN
ISBN 9588096308
040 ## - FUENTE DE CATALOGACIÓN
Agencia catalogadora original CO-BoIAVH
Agencia transcriptora CO-BoIAVH
041 ## - IDIOMA
Código de idioma para texto/pista de sonido o título separado Español
082 04 - NUMERO DE CLASIFICACION DECIMAL DEWEY
Número de clasificación 333.783092
Número del ítem R74p
100 1# - ASIENTO PRINCIPAL--NOMBRE PERSONAL
Nombre personal Rojas Albarracín, José Alberto
9 (RLIN) 56786
245 1# - MENCION DE TITULO
Título Proyecto desarrollo sostenible Ecoandino
260 ## - PUBLICACION, DISTRIBUCION, ETC. (PIE DE IMPRENTA)
Lugar de publicación, distribución, etc. Bogotá
Nombre del editor, distribuidor, etc. Ministerio de Ambiente, Vivienda y Desarrollo Territorial
-- Parques Nacionales Naturales
-- PMA
Fecha de publicación, distribución, etc. 2005
300 ## - DESCRIPCION FISICA
Extensión 2 volumenes.:
Otros detalles físicos ilustraciones.;
Dimensiones 24 x 19 cm
505 ## - NOTA DE CONTENIDO
Nota de contenido Vol. 1 Resultados
505 ## - NOTA DE CONTENIDO
Nota de contenido Vol. 2 conceptos y metodología
650 #4 - ASIENTO SECUNDARIO DE MATERIA - TERMINO TEMATICO
Término temático o nombre geográfico como elemento de entrada parques naturales
9 (RLIN) 56787
650 #4 - ASIENTO SECUNDARIO DE MATERIA - TERMINO TEMATICO
Término temático o nombre geográfico como elemento de entrada Conservación
9 (RLIN) 92401
650 #4 - ASIENTO SECUNDARIO DE MATERIA - TERMINO TEMATICO
Término temático o nombre geográfico como elemento de entrada Indentidad Cultural
9 (RLIN) 56789
650 #6 - ASIENTO SECUNDARIO DE MATERIA - TERMINO TEMATICO
Término temático o nombre geográfico como elemento de entrada Biodiversidad
9 (RLIN) 92204
650 #4 - ASIENTO SECUNDARIO DE MATERIA - TERMINO TEMATICO
Término temático o nombre geográfico como elemento de entrada Visiones culturales
9 (RLIN) 56791
700 1# - ASIENTO SECUNDARIO - NOMBRE PERSONAL
Nombre personal Zambrano , Hernando
9 (RLIN) 56792
700 1# - ASIENTO SECUNDARIO - NOMBRE PERSONAL
Nombre personal Clavijo Flórez, Juan Carlos
9 (RLIN) 56793
700 1# - ASIENTO SECUNDARIO - NOMBRE PERSONAL
Nombre personal Trujillo, Mónica
9 (RLIN) 16776
700 1# - ASIENTO SECUNDARIO - NOMBRE PERSONAL
Nombre personal Tobón , Gabriel
9 (RLIN) 56794
700 1# - ASIENTO SECUNDARIO - NOMBRE PERSONAL
Nombre personal Gracía Pinzón, Marco Rubén
9 (RLIN) 56795
700 1# - ASIENTO SECUNDARIO - NOMBRE PERSONAL
Nombre personal Franco , Bibliana
9 (RLIN) 56796
700 1# - ASIENTO SECUNDARIO - NOMBRE PERSONAL
Nombre personal Bedoya, Isaac
9 (RLIN) 56797
700 1# - ASIENTO SECUNDARIO - NOMBRE PERSONAL
Nombre personal Rueda, Diego
9 (RLIN) 56798
700 1# - ASIENTO SECUNDARIO - NOMBRE PERSONAL
Nombre personal Montero , Hernán
9 (RLIN) 56799
700 ## - ASIENTO SECUNDARIO - NOMBRE PERSONAL
Nombre personal Rodríguez, Tito
9 (RLIN) 56800
700 ## - ASIENTO SECUNDARIO - NOMBRE PERSONAL
Nombre personal Laverde, Gladis Naidú
9 (RLIN) 56801
700 ## - ASIENTO SECUNDARIO - NOMBRE PERSONAL
Nombre personal Arciniegas, Arelis
9 (RLIN) 56802
700 ## - ASIENTO SECUNDARIO - NOMBRE PERSONAL
Nombre personal Vargas Gonzalez, Leonardo
9 (RLIN) 56803
700 ## - ASIENTO SECUNDARIO - NOMBRE PERSONAL
Nombre personal Pinzón, Henry
9 (RLIN) 56804
700 ## - ASIENTO SECUNDARIO - NOMBRE PERSONAL
Nombre personal Ordóñez Ortega, Viecente
9 (RLIN) 56805
942 ## - ELEMENTOS ADICIONALES (KOHA)
Tipo de ítem Libro
Sistema de clasificación Dewey Decimal Classification
945 ## - PROCESAMIENTO LOCAL
AAAA-MM-DD - Fecha de ingreso o modificacion 2009-07-09
Existencias
Withdrawn status Lost status Sistema de Clasificación Damaged status No para préstamo Colección Inventariado Ubicación Permanente Ubicación actual Fecha de adquisición Fuente de Valor Valor Total Checkouts Número topográfico Inventario / Código de Barras Date last seen Ejemplar Price effective from Forma de adquisición Tipo de material
    Dewey Decimal Classification     General Inventariado 2017 Bogotá Bogotá 09/07/2009 Instituto 15000.00   LB-333.783092 R74p 027327 04/12/2012 V.2 Ej.1 04/12/2012   Libro
    Dewey Decimal Classification     General Inventariado 2017 Bogotá Bogotá 09/07/2009 Instituto 15000.00   LB-333.783092 R74p 027330 04/12/2012 V.1 Ej.1 04/12/2012   Libro